000
00315nam a2200145Ia 4500
100
_a
Stones/Richard/ Matthew/neil
250
_a
2
942
_c
BK
654
_a
linux
245
_a
Beginning Linux programming
260
_b
Shroff Publishers
_c
2002
082
_a
5.133
_b
STO
300
_a
945
546
_a
ENGLISH
999
_c
21145
_d
21145